[Event "interzonal (w)"]
[Site "Roosendaal NED"]
[Date "1976.11.27"]
[Round "1"]
[White "Hartston, Jana"]
[Black "Veroci, Zsuzsa"]
[Result "1/2-1/2"]
[WhiteElo "2230"]
[BlackElo "2275"]
[EventDate "1976.11.27"]
[PlyCount "43"]

1.d4 Nf6 2.Nf3 g6 3.g3 Bg7 4.Bg2 O-O 5.O-O d6 6.b3 Nbd7 7.Bb2 e5 8.dxe5 
Ng4 9.Qd2 dxe5 10.h3 Nh6 11.e4 Re8 12.Rd1 f6 13.Na3 Nf7 14.Nc4 Bf8 15.h4 
h5 16.Qc3 c6 17.Bh3 Qc7 18.Ba3 Bxa3 19.Nxa3 Nf8 20.Bxc8 Raxc8 21.Rd3 Rcd8 
22.Rad1 1/2-1/2

[Event "interzonal (w)"]
[Site "Roosendaal NED"]
[Date "1976.11.27"]
[Round "1"]
[White "De Caro, Ilse"]
[Black "Lemachko, Tatiana"]
[Result "0-1"]
[WhiteElo "1920"]
[BlackElo "2330"]
[EventDate "1976.11.27"]
[PlyCount "112"]

1.d4 Nf6 2.c4 c5 3.Nf3 cxd4 4.Nxd4 Nc6 5.Nc3 g6 6.e4 d6 7.Be2 Bg7 8.Be3 
O-O 9.O-O Bd7 10.f4 Qb6 11.Na4 Qa5 12.Nc3 Rfd8 13.Nb3 Qc7 14.Nd5 Qc8 15.
Bf3 e6 16.Nc3 Ne8 17.Rc1 Ne7 18.Qe2 Bc6 19.Nd4 Qd7 20.Rfd1 f5 21.Nxc6 bxc6
22.Rd3 Bxc3 23.Rcxc3 fxe4 24.Bxe4 d5 25.cxd5 cxd5 26.Bf3 Rdc8 27.Bd4 Nf5 
28.Qe5 Nxd4 29.Qxd4 Ng7 30.Rd1 Rxc3 31.Qxc3 Rc8 32.Qe5 Qc7 33.Qxc7 Rxc7 
34.Rd2 Kf7 35.Kf2 Ke7 36.Bd1 Kd6 37.Rc2 Rf7 38.Ke3 Nf5+ 39.Kd3 Ne7 40.g3 
h6 41.Bg4 g5 42.Re2 Rf6 43.Rf2 gxf4 44.Rxf4 Rg6 45.Bh5 Rg5 46.g4 Nc6 47.h3
Ne5+ 48.Kc3 Rg7 49.Rf6 Rh7 50.b4 Nd7 51.Rf7 Rxf7 52.Bxf7 Nf6 53.Bg6 Ke5 
54.Kd3 Nd7 55.a4 Kd6 56.h4 Ne5+ 0-1

[Event "interzonal (w)"]
[Site "Roosendaal NED"]
[Date "1976.11.27"]
[Round "1"]
[White "Fomina, Tatiana"]
[Black "Akhmylovskaya, Elena"]
[Result "1/2-1/2"]
[WhiteElo "2125"]
[BlackElo "2230"]
[EventDate "1976.11.27"]
[PlyCount "100"]

1.e4 Nf6 2.Nc3 e5 3.Bc4 Bc5 4.Nge2 O-O 5.O-O Nc6 6.a3 a6 7.d3 b5 8.Ba2 Nd4
9.Nxd4 Bxd4 10.Bg5 h6 11.Bh4 d6 12.Kh1 g5 13.Bg3 Kg7 14.Qd2 Nh5 15.Rae1 
Be6 16.Bb3 Qd7 17.Nd1 Bxb3 18.cxb3 f5 19.Qe2 Nxg3+ 20.fxg3 Rf7 21.exf5 
Rxf5 22.Rxf5 Qxf5 23.Rf1 Qe6 24.Qf3 d5 25.Ne3 Bxe3 26.Qxe3 Re8 27.Qc5 Re7 
28.Kg1 e4 29.Qd4+ Qe5 30.Qxe5+ Rxe5 31.dxe4 dxe4 32.Rc1 c5 33.Kf2 Kf6 34.
Ke3 Ke6 35.g4 Kd6 36.Rf1 Rd5 37.Kxe4 Rd2 38.Rf6+ Ke7 39.Rxa6 Rxb2 40.Kd5 
Rxg2 41.Kxc5 Rxh2 42.Kxb5 h5 43.gxh5 Rxh5 44.Kc4 g4 45.Rg6 Rh4 46.Kd4 Kf7 
47.Rg5 Kf6 48.Rg8 Kf7 49.Rg5 Kf6 50.Rg8 Kf7 1/2-1/2

[Event "interzonal (w)"]
[Site "Roosendaal NED"]
[Date "1976.11.27"]
[Round "1"]
[White "Kushnir, Alla"]
[Black "Vreeken, Corry"]
[Result "1-0"]
[WhiteElo "2365"]
[BlackElo "2155"]
[EventDate "1976.11.27"]
[PlyCount "57"]

1.c4 e5 2.Nc3 g6 3.g3 Bg7 4.Bg2 Ne7 5.Nf3 Nbc6 6.O-O d6 7.Rb1 O-O 8.b4 Rb8
9.b5 Na5 10.d3 b6 11.Ne1 a6 12.a4 axb5 13.axb5 Bb7 14.Nd5 Bxd5 15.cxd5 Nb7
16.Nc2 Ra8 17.Nb4 Nc5 18.e3 Qd7 19.d4 exd4 20.exd4 Qf5 21.Be3 Nd7 22.g4 
Qf6 23.Qd2 Rfe8 24.Na6 Ra7 25.Rbc1 Rc8 26.Bg5 Qxd4 27.Qxd4 Bxd4 28.Bxe7 f6
29.Bxd6 1-0

[Event "interzonal (w)"]
[Site "Roosendaal NED"]
[Date "1976.11.27"]
[Round "1"]
[White "Van der Mije, Alexandra"]
[Black "Belavenets, Ludmila"]
[Result "1-0"]
[WhiteElo "2295"]
[BlackElo "2165"]
[EventDate "1976.11.27"]
[PlyCount "113"]

1.e4 c5 2.Nf3 e6 3.d4 cxd4 4.Nxd4 Nf6 5.Nc3 d6 6.g3 Nc6 7.Bg2 Bd7 8.O-O 
Nxd4 9.Qxd4 Qc7 10.a4 a6 11.Re1 Be7 12.a5 O-O 13.Be3 Rac8 14.h3 Bc6 15.Qd2
Nd7 16.Ne2 Nc5 17.Nc3 Bf6 18.Ra3 Bxc3 19.Qxc3 Bxe4 20.Bxe4 Nxe4 21.Qxc7 
Rxc7 22.Bb6 Rc4 23.b3 Rb4 24.c4 Nd2 25.Re3 Rc8 26.Ra2 Nxc4 27.bxc4 Rcxc4 
28.Ree2 Kf8 29.Rac2 Ke7 30.Rxc4 Rxc4 31.Rb2 Kd7 32.Kf1 d5 33.Ke2 e5 34.Kd2
g6 35.Rb3 Rc6 36.f4 f6 37.fxe5 fxe5 38.Ba7 Rc7 39.Bb8 Rc5 40.Bxe5 Rxa5 41.
Rxb7+ Ke6 42.Bb2 h5 43.Rb6+ Kf5 44.Ke3 Ra4 45.Rd6 Ra2 46.Rxd5+ Ke6 47.Rd2 
g5 48.g4 hxg4 49.hxg4 a5 50.Ke4 a4 51.Bc3 Ra3 52.Kd4 Rb3 53.Ra2 a3 54.Kc4 
Rb1 55.Ra1 a2 56.Rxa2 Rg1 57.Re2+ 1-0

[Event "interzonal (w)"]
[Site "Roosendaal NED"]
[Date "1976.11.28"]
[Round "2"]
[White "Belavenets, Ludmila"]
[Black "Fomina, Tatiana"]
[Result "1/2-1/2"]
[WhiteElo "2165"]
[BlackElo "2125"]
[EventDate "1976.11.27"]
[PlyCount "33"]

1.d4 d5 2.c4 e6 3.Nc3 Nf6 4.Nf3 c5 5.cxd5 Nxd5 6.e3 Nc6 7.Bd3 Be7 8.O-O 
O-O 9.a3 cxd4 10.exd4 Bf6 11.Be4 Nce7 12.Ne5 g6 13.Bh6 Bg7 14.Bxg7 Kxg7 
15.Qd2 Bd7 16.Nxd5 Nxd5 17.Bxd5 1/2-1/2

[Event "interzonal (w)"]
[Site "Roosendaal NED"]
[Date "1976.11.28"]
[Round "2"]
[White "Hartston, Jana"]
[Black "Orton, Ruth"]
[Result "1-0"]
[WhiteElo "2230"]
[BlackElo "2090"]
[EventDate "1976.11.27"]
[PlyCount "81"]

1.d4 Nf6 2.c4 c5 3.d5 e6 4.Nc3 exd5 5.cxd5 d6 6.Nf3 g6 7.e4 Bg7 8.Bg5 h6 
9.Bh4 O-O 10.Nd2 a6 11.Be2 b5 12.Qc2 Nbd7 13.O-O Qc7 14.Rae1 Bb7 15.a4 b4 
16.Nd1 a5 17.Ne3 Nb6 18.Bg3 Nfd7 19.Kh1 Rfe8 20.Bb5 Re7 21.Re2 Ba6 22.Bxa6
Rxa6 23.Rfe1 Bxb2 24.Qxb2 Nxa4 25.Qc2 Nc3 26.Ndc4 Nxe4 27.Bh4 Nef6 28.Ng4 
Rxe2 29.Nxf6+ Nxf6 30.Qxe2 g5 31.Bg3 Ra8 32.Bxd6 Qb7 33.Qf3 Re8 34.Rxe8+ 
Nxe8 35.Bxc5 Qb5 36.Qe3 b3 37.h3 Nf6 38.Bd4 Nxd5 39.Qe5 Kf8 40.Ne3 a4 41.
Nxd5 1-0

[Event "interzonal (w)"]
[Site "Roosendaal NED"]
[Date "1976.11.28"]
[Round "2"]
[White "Lazarevic, Milunka"]
[Black "De Caro, Ilse"]
[Result "1-0"]
[WhiteElo "2200"]
[BlackElo "1920"]
[EventDate "1976.11.27"]
[PlyCount "67"]

1.f4 e5 2.fxe5 d6 3.exd6 Bxd6 4.Nf3 Nf6 5.g3 Nc6 6.Nc3 O-O 7.Bg2 Re8 8.O-O
Bg4 9.d3 Bc5+ 10.Kh1 Be3 11.Bxe3 Rxe3 12.Qd2 Qe7 13.Rae1 Re8 14.Ng1 Re6 
15.e4 Nh5 16.Nd5 Qd6 17.Qf2 Nd8 18.Ne2 c6 19.Ndf4 Rf6 20.Qxa7 Qb4 21.Qd4 
Qd2 22.Qc3 Qxc3 23.Nxc3 Nxf4 24.Rxf4 Rxf4 25.gxf4 Ne6 26.h3 Bh5 27.Rf1 Nd4
28.Rf2 f6 29.Kh2 Bf7 30.a3 Ra8 31.Nd1 Bh5 32.Ne3 Ra5 33.c3 Ne6 34.d4 1-0

[Event "interzonal (w)"]
[Site "Roosendaal NED"]
[Date "1976.11.28"]
[Round "2"]
[White "Lemachko, Tatiana"]
[Black "Kushnir, Alla"]
[Result "1-0"]
[WhiteElo "2330"]
[BlackElo "2365"]
[EventDate "1976.11.27"]
[PlyCount "81"]

1.d4 Nf6 2.c4 c5 3.Nf3 cxd4 4.Nxd4 Nc6 5.Nc3 g6 6.e4 d6 7.Be2 Bg7 8.Be3 
O-O 9.O-O Bd7 10.f4 Nxd4 11.Bxd4 Bc6 12.Qd3 a5 13.b3 Nd7 14.Bxg7 Kxg7 15.
Rad1 Qb6+ 16.Kh1 a4 17.bxa4 Bxa4 18.Rb1 Qd8 19.Qd4+ f6 20.Rxb7 Bc6 21.Rb2 
Ra3 22.Nb5 Ra5 23.Rd1 Nc5 24.Nc3 Qa8 25.Bg4 Na4 26.Nxa4 Rxa4 27.Rdd2 Bxe4 
28.Bd1 Ra7 29.Re2 Bc6 30.Bb3 Rc8 31.h3 Be8 32.Re3 Rc5 33.Rbe2 Qd8 34.g4 
Bf7 35.g5 Rac7 36.Rxe7 Rxe7 37.gxf6+ Kh6 38.fxe7 Qd7 39.Kh2 Rh5 40.Re3 Be6
41.Qf6 1-0

[Event "interzonal (w)"]
[Site "Roosendaal NED"]
[Date "1976.11.28"]
[Round "2"]
[White "Veroci, Zsuzsa"]
[Black "Akhmylovskaya, Elena"]
[Result "1/2-1/2"]
[WhiteElo "2275"]
[BlackElo "2230"]
[EventDate "1976.11.27"]
[PlyCount "58"]

1.e4 e5 2.Nf3 Nc6 3.Bb5 a6 4.Ba4 Nf6 5.O-O Be7 6.Re1 b5 7.Bb3 d6 8.c3 O-O 
9.d4 Bg4 10.Be3 Na5 11.dxe5 Bxf3 12.Qxf3 dxe5 13.Bc2 Nc4 14.Bc1 c5 15.b3 
Nb6 16.Nd2 c4 17.Nf1 Qc7 18.Bd2 Rfd8 19.Red1 Rd7 20.Bg5 Rxd1 21.Rxd1 Rd8 
22.b4 Ne8 23.Bxe7 Qxe7 24.Ne3 Rxd1+ 25.Qxd1 Qd6 26.Qe2 Qc7 27.Kf1 g6 28.g3
Kg7 29.f3 f6 1/2-1/2

[Event "interzonal (w)"]
[Site "Roosendaal NED"]
[Date "1976.11.28"]
[Round "2"]
[White "Vreeken, Corry"]
[Black "Van der Mije, Alexandra"]
[Result "1-0"]
[WhiteElo "2155"]
[BlackElo "2295"]
[EventDate "1976.11.27"]
[PlyCount "81"]

1.e4 g6 2.d4 Bg7 3.Nc3 c6 4.Bc4 d6 5.Nf3 Nf6 6.e5 dxe5 7.Nxe5 O-O 8.O-O a5
9.a4 Na6 10.Re1 Nb4 11.Bg5 Bf5 12.Bb3 Nbd5 13.Nxd5 cxd5 14.f3 Ra6 15.Qd2 
Be6 16.Bh6 Ne8 17.Bxg7 Nxg7 18.Nd3 Rd6 19.c3 Bc8 20.Re2 e6 21.Rae1 b6 22.
Ne5 Ba6 23.Rf2 Ne8 24.Qh6 Qf6 25.Bc2 Qg7 26.Qf4 f5 27.h4 h6 28.g4 g5 29.
hxg5 hxg5 30.Qh2 Rf6 31.Qh5 Rd8 32.Rh2 Nd6 33.gxf5 exf5 34.Nc6 Rd7 35.Nb8 
Ra7 36.Nc6 Rc7 37.Ne5 Re7 38.Kf2 g4 39.Rg1 Ree6 40.Nxg4 Ne4+ 41.Bxe4 1-0

[Event "interzonal (w)"]
[Site "Roosendaal NED"]
[Date "1976.11.29"]
[Round "3"]
[White "Akhmylovskaya, Elena"]
[Black "Belavenets, Ludmila"]
[Result "1/2-1/2"]
[WhiteElo "2230"]
[BlackElo "2165"]
[EventDate "1976.11.27"]
[PlyCount "92"]

1.e4 c5 2.Nf3 e6 3.d4 cxd4 4.Nxd4 Nc6 5.Nc3 d6 6.Be3 Nf6 7.Be2 Be7 8.O-O 
O-O 9.f4 a6 10.Qe1 Nxd4 11.Bxd4 b5 12.Rd1 b4 13.Na4 Nxe4 14.Bf3 f5 15.Nb6 
Rb8 16.Nxc8 Qxc8 17.Bxe4 fxe4 18.Qxe4 d5 19.Qe3 Bf6 20.Rd2 Bxd4 21.Qxd4 
Qc6 22.Re1 Qb6 23.g3 Qxd4+ 24.Rxd4 Rb6 25.Re2 a5 26.Rd3 Rc6 27.a3 Rfc8 28.
axb4 axb4 29.Rdd2 Kf7 30.Kf2 h6 31.h4 g6 32.Ke3 Kf6 33.Kf3 h5 34.Ke3 R8c7 
35.Kf2 Rc8 36.Ke1 Ra8 37.Rd3 Rb6 38.Rb3 Rab8 39.Kd2 Rc8 40.Kd3 Rcb8 41.Re1
Rc8 42.c3 Rcb8 43.Rxb4 Rxb4 44.cxb4 Rxb4 45.Kc3 Rc4+ 46.Kd3 Rb4 1/2-1/2

[Event "interzonal (w)"]
[Site "Roosendaal NED"]
[Date "1976.11.29"]
[Round "3"]
[White "Fomina, Tatiana"]
[Black "Vreeken, Corry"]
[Result "1-0"]
[WhiteElo "2125"]
[BlackElo "2155"]
[EventDate "1976.11.27"]
[PlyCount "113"]

1.e4 c6 2.c4 d5 3.exd5 cxd5 4.cxd5 Nf6 5.Nf3 g6 6.Nc3 Bg7 7.Bc4 O-O 8.O-O 
Nbd7 9.d4 Nb6 10.Bb3 Nbxd5 11.Ne5 Be6 12.Qf3 Nxc3 13.bxc3 Bxb3 14.axb3 Qb6
15.Ba3 Rfe8 16.Bc5 Qxb3 17.Rfb1 Qd5 18.Rxb7 Qxf3 19.Nxf3 Nd5 20.c4 Nb6 21.
Raxa7 Rxa7 22.Rxa7 Nxc4 23.Bxe7 Nb6 24.Bc5 Nd5 25.Kf1 h6 26.g3 Bf8 27.Bxf8
Kxf8 28.Ne5 Re7 29.Rxe7 Kxe7 30.Ke2 h5 31.Kd3 Ke6 32.Kc4 Ne7 33.Kc5 f6 34.
Nc6 Nc8 35.d5+ Kd7 36.Nd4 Nd6 37.f3 Nb7+ 38.Kb6 Nd8 39.Nc6 Nf7 40.Kc5 Nd6 
41.Na5 Nf7 42.Nc4 g5 43.Kd4 Nh6 44.Ke4 Ke7 45.Ne3 Kd7 46.f4 gxf4 47.Kxf4 
Kd8 48.h3 Kd7 49.Nf5 Ng8 50.g4 hxg4 51.Kxg4 Ke8 52.h4 Kf7 53.h5 Ke8 54.h6 
Nxh6+ 55.Nxh6 Kd7 56.Nf5 Kc7 57.Kh5 1-0

[Event "interzonal (w)"]
[Site "Roosendaal NED"]
[Date "1976.11.29"]
[Round "3"]
[White "Kushnir, Alla"]
[Black "Lazarevic, Milunka"]
[Result "1-0"]
[WhiteElo "2365"]
[BlackElo "2200"]
[EventDate "1976.11.27"]
[PlyCount "85"]

1.d4 d5 2.Nf3 f5 3.g3 Nf6 4.Bg2 e6 5.O-O Bd6 6.c4 c6 7.Nbd2 Nbd7 8.Ne1 O-O
9.Nd3 Ne4 10.cxd5 exd5 11.Nf3 Qe7 12.Bf4 Bxf4 13.gxf4 Ndf6 14.Rc1 Bd7 15.
Nfe5 Be8 16.f3 Nd6 17.Qe1 Nh5 18.Kh1 Kh8 19.Rg1 Nf7 20.e3 Nxe5 21.Nxe5 Rc8
22.Bh3 Rc7 23.b4 b6 24.a3 g6 25.Bf1 Ng7 26.a4 Ne6 27.Bd3 c5 28.dxc5 bxc5 
29.bxc5 Rxc5 30.Qb4 Qc7 31.Qb2 Kg8 32.Bb5 Rxc1 33.Rxc1 Qb6 34.Qe2 d4 35.
Bc4 dxe3 36.a5 Qd6 37.Qxe3 Kh8 38.Bxe6 Qxe6 39.Qxa7 g5 40.Qd4 Kg8 41.fxg5 
f4 42.Ng4 Bc6 43.Nh6+ 1-0

[Event "interzonal (w)"]
[Site "Roosendaal NED"]
[Date "1976.11.29"]
[Round "3"]
[White "Orton, Ruth"]
[Black "Veroci, Zsuzsa"]
[Result "1/2-1/2"]
[WhiteElo "2090"]
[BlackElo "2275"]
[EventDate "1976.11.27"]
[PlyCount "80"]

1.e4 c5 2.c3 Nf6 3.e5 Nd5 4.d4 cxd4 5.Qxd4 e6 6.Nf3 Nc6 7.Qe4 d6 8.Nbd2 
Bd7 9.exd6 Bxd6 10.Nc4 Bc7 11.g3 Qe7 12.Nce5 O-O-O 13.Nxd7 Qxd7 14.Bd2 f5 
15.Qc2 Nf6 16.Bg2 e5 17.O-O-O e4 18.Be3 Qf7 19.Nd4 Qxa2 20.Nxf5 Na5 21.Nd4
Be5 22.Bh3+ Kb8 23.Be6 Nd5 24.Bxd5 Rxd5 25.Qb1 Qc4 26.Qxe4 Rc8 27.Kb1 Ka8 
28.Qd3 Qa4 29.Qf5 Rcd8 30.Qc2 Qc4 31.b4 Nc6 32.Nxc6 Qxc6 33.Rxd5 Qxd5 34.
Rc1 Rc8 35.Qa4 a6 36.Bc5 Qc4 37.Qa2 Qd3+ 38.Qc2 Qc4 39.Qa2 Qd3+ 40.Qc2 Qc4
1/2-1/2

[Event "interzonal (w)"]
[Site "Roosendaal NED"]
[Date "1976.11.29"]
[Round "3"]
[White "Van der Mije, Alexandra"]
[Black "Lemachko, Tatiana"]
[Result "1-0"]
[WhiteElo "2295"]
[BlackElo "2330"]
[EventDate "1976.11.27"]
[PlyCount "71"]

1.e4 c5 2.Nf3 d6 3.d4 cxd4 4.Nxd4 Nf6 5.Nc3 a6 6.f4 e5 7.Nf3 Qc7 8.Bd3 
Nbd7 9.O-O Be7 10.Kh1 O-O 11.Qe1 Nc5 12.Nh4 b5 13.fxe5 Nxd3 14.cxd3 dxe5 
15.Bg5 Be6 16.Nf5 Bxf5 17.Rxf5 Qd6 18.Bxf6 Bxf6 19.Nd5 Be7 20.Qc3 f6 21.
Rc1 Ra7 22.Qb3 Kh8 23.Rf2 Rb8 24.Rfc2 Bd8 25.Rc6 Qd7 26.Qb4 Kg8 27.Rd6 Rc8
28.Rxc8 Qxc8 29.Qc3 Qb8 30.Qc6 Be7 31.Nxe7+ Kf7 32.Nd5 Kg6 33.Rd7 Rxd7 34.
Qxd7 h5 35.Ne7+ Kh6 36.Nf5+ 1-0

[Event "interzonal (w)"]
[Site "Roosendaal NED"]
[Date "1976.12.01"]
[Round "4"]
[White "Hartston, Jana"]
[Black "De Caro, Ilse"]
[Result "1-0"]
[WhiteElo "2230"]
[BlackElo "1920"]
[EventDate "1976.11.27"]
[PlyCount "65"]

1.e4 e5 2.Nf3 Nc6 3.Bb5 a6 4.Ba4 Nf6 5.O-O Be7 6.Bxc6 dxc6 7.d3 Bg4 8.h3 
Bxf3 9.Qxf3 Qd7 10.Nd2 O-O 11.Nc4 Qe6 12.Qe2 Ne8 13.f4 exf4 14.Bxf4 Nd6 
15.Ne3 Rad8 16.a3 f6 17.Rae1 Rd7 18.Qh5 Nf7 19.Nf5 Bd6 20.Qg4 Nd8 21.Kh1 
Kh8 22.Qg3 Qf7 23.Nxd6 cxd6 24.Bxd6 Re8 25.Bb4 Qe6 26.Rf5 Nf7 27.Ref1 Ne5 
28.Bc3 Ng6 29.Rxf6 Qg8 30.R6f5 Ree7 31.Qf2 Rf7 32.Rxf7 Rxf7 33.Qxf7 1-0

[Event "interzonal (w)"]
[Site "Roosendaal NED"]
[Date "1976.12.01"]
[Round "4"]
[White "Lazarevic, Milunka"]
[Black "Van der Mije, Alexandra"]
[Result "1/2-1/2"]
[WhiteElo "2200"]
[BlackElo "2295"]
[EventDate "1976.11.27"]
[PlyCount "29"]

1.e4 e5 2.Nc3 Nf6 3.Bc4 Bc5 4.d3 c6 5.Nf3 O-O 6.Bg5 b5 7.Bb3 Re8 8.Qd2 a5 
9.a3 a4 10.Ba2 b4 11.Nb1 bxa3 12.Nxa3 d5 13.Bxf6 Qxf6 14.Qg5 Qxg5 15.Nxg5 
1/2-1/2

[Event "interzonal (w)"]
[Site "Roosendaal NED"]
[Date "1976.12.01"]
[Round "4"]
[White "Lemachko, Tatiana"]
[Black "Fomina, Tatiana"]
[Result "1-0"]
[WhiteElo "2330"]
[BlackElo "2125"]
[EventDate "1976.11.27"]
[PlyCount "81"]

1.d4 e6 2.c4 d5 3.Nf3 c6 4.e3 Nf6 5.Nc3 Nbd7 6.Bd3 dxc4 7.Bxc4 b5 8.Bd3 
Bb7 9.O-O a6 10.e4 Be7 11.e5 Nd5 12.Nxd5 cxd5 13.Qe2 Qb6 14.Be3 b4 15.Nd2 
Bc6 16.Qg4 g6 17.Bh6 Bf8 18.Bxf8 Kxf8 19.Rac1 Bb5 20.Bxb5 axb5 21.Rc2 Rxa2
22.Rfc1 Kg7 23.h4 Rha8 24.Nb3 Qd8 25.Qf4 R2a7 26.Rc6 Ra6 27.g3 Rxc6 28.
Rxc6 Rc8 29.Rd6 Qe7 30.Qd2 f6 31.Qe3 fxe5 32.dxe5 Qf7 33.Nd4 Nc5 34.Nxb5 
Ne4 35.Ra6 Qf5 36.Nd4 Qxe5 37.Rxe6 Qc7 38.Nc6 Kf8 39.Qd4 Qg7 40.Qxb4+ Kg8 
41.Rxe4 1-0

[Event "interzonal (w)"]
[Site "Roosendaal NED"]
[Date "1976.12.01"]
[Round "4"]
[White "Veroci, Zsuzsa"]
[Black "Belavenets, Ludmila"]
[Result "1-0"]
[WhiteElo "2275"]
[BlackElo "2165"]
[EventDate "1976.11.27"]
[PlyCount "51"]

1.e4 c5 2.Nf3 e6 3.d4 cxd4 4.Nxd4 Nc6 5.Nc3 d6 6.Be2 Nf6 7.Be3 Be7 8.O-O 
O-O 9.f4 a6 10.Qe1 Nxd4 11.Bxd4 b5 12.Bd3 Bb7 13.Kh1 Bc6 14.a3 Qc7 15.Qg3 
Rad8 16.Rae1 Kh8 17.e5 dxe5 18.Bxe5 Qb7 19.Qh3 Rxd3 20.cxd3 Rd8 21.Re3 Nd5
22.Nxd5 Bxd5 23.Rg3 f6 24.Bc3 Qc7 25.Qg4 Bd6 26.Ba5 1-0

[Event "interzonal (w)"]
[Site "Roosendaal NED"]
[Date "1976.12.01"]
[Round "4"]
[White "Vreeken, Corry"]
[Black "Akhmylovskaya, Elena"]
[Result "0-1"]
[WhiteElo "2155"]
[BlackElo "2230"]
[EventDate "1976.11.27"]
[PlyCount "84"]

1.e4 d6 2.d4 Nf6 3.Nc3 g6 4.Be3 Bg7 5.f3 c6 6.Qd2 b5 7.a4 b4 8.Nd1 Qa5 9.
Bd3 O-O 10.Bh6 Nbd7 11.Bxg7 Kxg7 12.Ne3 Nb6 13.Ne2 e5 14.O-O Be6 15.b3 Nh5
16.Nf5+ Bxf5 17.exf5 Nd5 18.fxg6 hxg6 19.dxe5 dxe5 20.Qg5 Qc5+ 21.Rf2 Ndf4
22.Nxf4 Nxf4 23.Bc4 Rad8 24.Kf1 Rd4 25.Re1 f6 26.Qg3 Rfd8 27.Rfe2 Nxe2 28.
Rxe2 Rd1+ 29.Re1 Qe3 30.Bd3 Rxe1+ 31.Qxe1 Qxe1+ 32.Kxe1 f5 33.Ke2 Kf6 34.
a5 Ke6 35.Bc4+ Kd6 36.c3 Kc5 37.cxb4+ Kxb4 38.a6 g5 39.Ke3 Rd4 40.g3 Kc3 
41.h3 f4+ 42.gxf4 exf4+ 0-1

[Event "interzonal (w)"]
[Site "Roosendaal NED"]
[Date "1976.12.02"]
[Round "5"]
[White "Belavenets, Ludmila"]
[Black "Vreeken, Corry"]
[Result "1-0"]
[WhiteElo "2165"]
[BlackElo "2155"]
[EventDate "1976.11.27"]
[PlyCount "145"]

1.e4 e5 2.Nf3 Nc6 3.Bb5 Nf6 4.d3 d6 5.c3 g6 6.O-O Bg7 7.Re1 O-O 8.Nbd2 a6 
9.Ba4 b5 10.Bc2 Bb7 11.d4 Nd7 12.Nf1 Nb6 13.dxe5 dxe5 14.Be3 Nc4 15.Bc5 
Qxd1 16.Rexd1 Rfd8 17.b3 Nd6 18.Ne3 Ne7 19.Rd2 Rd7 20.Rad1 Rad8 21.c4 Bc6 
22.cxb5 axb5 23.Ne1 Bh6 24.f3 Nb7 25.Rxd7 Rxd7 26.Rxd7 Bxd7 27.Bxe7 Bxe3+ 
28.Kf1 Bh6 29.Nd3 Bg7 30.a4 bxa4 31.bxa4 Na5 32.Bd8 Nc6 33.Bxc7 Nd4 34.Bd1
f6 35.Ke1 Bf8 36.Kd2 Kf7 37.Kc3 Be6 38.Bb6 Bd6 39.Nc5 Bc8 40.Nb3 Nc6 41.
Nc5 Nd4 42.Nb3 Nc6 43.Be2 Bb4+ 44.Kb2 Nb8 45.Nc5 Nc6 46.Bb5 Nd4 47.Bc4+ 
Ke7 48.a5 Nc6 49.a6 Bxc5 50.Bxc5+ Kd7 51.a7 Bb7 52.Bd5 Kc7 53.Ka3 f5 54.
Ka4 fxe4 55.Bxe4 Ba8 56.Kb5 Bb7 57.Bb6+ Kd6 58.h4 Ba8 59.Bc5+ Kc7 60.g4 
Bb7 61.g5 Ba8 62.h5 gxh5 63.Bxh7 Nxa7+ 64.Bxa7 Bxf3 65.Bf5 Bd5 66.Kc5 Bg8 
67.Bb6+ Kb7 68.Be4+ Kc8 69.Kd6 h4 70.Kxe5 Kd7 71.Bf5+ Ke7 72.Bc5+ Ke8 73.
Kf6 1-0

[Event "interzonal (w)"]
[Site "Roosendaal NED"]
[Date "1976.12.02"]
[Round "5"]
[White "De Caro, Ilse"]
[Black "Orton, Ruth"]
[Result "1-0"]
[WhiteElo "1920"]
[BlackElo "2090"]
[EventDate "1976.11.27"]
[PlyCount "63"]

1.e4 c5 2.Nf3 d6 3.c3 Nc6 4.d4 cxd4 5.cxd4 Nf6 6.Nc3 g6 7.Be3 Bg7 8.Be2 
O-O 9.O-O a6 10.Rc1 Qa5 11.Qd2 Ng4 12.Nd5 Qd8 13.Bg5 f6 14.Bf4 e5 15.dxe5 
dxe5 16.Be3 Nxe3 17.Qxe3 Be6 18.Rfd1 Qa5 19.Bc4 Rad8 20.Rd3 Bxd5 21.Bxd5+ 
Kh8 22.a3 Rd6 23.Nd2 Qd8 24.Nc4 Rd7 25.Nd2 f5 26.Nf3 fxe4 27.Bxe4 Rxd3 28.
Bxd3 Nd4 29.Nxe5 Qd5 30.f4 Ne6 31.Bc4 Qd6 32.Nxg6+ 1-0

[Event "interzonal (w)"]
[Site "Roosendaal NED"]
[Date "1976.12.02"]
[Round "5"]
[White "Akhmylovskaya, Elena"]
[Black "Lemachko, Tatiana"]
[Result "1-0"]
[WhiteElo "2230"]
[BlackElo "2330"]
[EventDate "1976.11.27"]
[PlyCount "113"]

1.e4 c5 2.Nf3 d6 3.d4 cxd4 4.Nxd4 Nf6 5.Nc3 a6 6.Be3 Nbd7 7.f3 Qc7 8.g4 h6
9.Qd2 e6 10.O-O-O Ne5 11.g5 hxg5 12.Bxg5 b5 13.f4 Nc4 14.Qe2 Bd7 15.Bg2 
Rc8 16.Rd3 b4 17.Nd5 exd5 18.exd5+ Be7 19.Bxf6 gxf6 20.Re1 Ne5 21.fxe5 
fxe5 22.Nc6 Bxc6 23.dxc6 Rxh2 24.Rh3 Rxh3 25.Bxh3 Qxc6 26.Bxc8 Qxc8 27.Qe4
a5 28.Rh1 Bg5+ 29.Kb1 Ke7 30.Rf1 Kf8 31.Qg6 Qc4 32.Qxd6+ Kg7 33.Rg1 Kh7 
34.Rh1+ Kg7 35.Qxe5+ Kg6 36.Rg1 f6 37.Qxa5 Qd4 38.Rf1 Qe4 39.Qa6 Qg4 40.a3
bxa3 41.Qxa3 f5 42.Qd6+ Bf6 43.Qe6 Qg5 44.Qe8+ Kg7 45.Qd7+ Kg6 46.Rh1 Be7 
47.Qe8+ Kg7 48.Qh8+ Kf7 49.Qh7+ Kf6 50.Rh6+ Ke5 51.Rg6 Qh4 52.Qxh4 Bxh4 
53.Kc1 Ke4 54.Kd2 Kf3 55.b4 Ke4 56.b5 Bd8 57.b6 1-0

[Event "interzonal (w)"]
[Site "Roosendaal NED"]
[Date "1976.12.02"]
[Round "5"]
[White "Fomina, Tatiana"]
[Black "Lazarevic, Milunka"]
[Result "0-1"]
[WhiteElo "2125"]
[BlackElo "2200"]
[EventDate "1976.11.27"]
[PlyCount "124"]

1.e4 c5 2.Nf3 e6 3.c3 Nf6 4.e5 Nd5 5.d4 cxd4 6.cxd4 Be7 7.Nc3 Nxc3 8.bxc3 
d6 9.exd6 Qxd6 10.Bd3 Nd7 11.O-O b6 12.Ne5 Nxe5 13.dxe5 Qc7 14.Qg4 g6 15.
Bh6 Bd7 16.Qf3 Bc6 17.Bb5 Rc8 18.c4 a6 19.Bxc6+ Qxc6 20.Qh3 Rg8 21.Be3 h5 
22.Rab1 Bc5 23.Qg3 Qe4 24.Bxc5 bxc5 25.Rfd1 Kf8 26.Qg5 Qf5 27.Qh6+ Ke8 28.
Qh7 Rf8 29.Qg7 Qc2 30.Rbc1 Qf5 31.Rb1 Qc2 32.Qf6 Rg8 33.h4 Kf8 34.Re1 Rg7 
35.Rb6 Qxc4 36.Rd1 Kg8 37.Rdd6 g5 38.hxg5 Qc1+ 39.Kh2 Qxg5 40.Qxg5 Rxg5 
41.Rxa6 Rxe5 42.Ra7 Rf5 43.f3 c4 44.Rdd7 Rcc5 45.Rd2 Rfd5 46.Rc2 Kg7 47.
Ra3 Kf6 48.Re3 Rd4 49.Kg3 e5 50.Kf2 Ke6 51.Ke2 Ra5 52.g3 Kd5 53.Ke1 Rd3 
54.Rxd3+ cxd3 55.Rb2 Kd4 56.Kd2 Ra4 57.a3 Rc4 58.Ra2 f5 59.a4 e4 60.fxe4 
fxe4 61.a5 e3+ 62.Kd1 e2+ 0-1

[Event "interzonal (w)"]
[Site "Roosendaal NED"]
[Date "1976.12.02"]
[Round "5"]
[White "Kushnir, Alla"]
[Black "Hartston, Jana"]
[Result "1/2-1/2"]
[WhiteElo "2365"]
[BlackElo "2230"]
[EventDate "1976.11.27"]
[PlyCount "48"]

1.d4 Nf6 2.c4 g6 3.Nc3 Bg7 4.e4 d6 5.Be2 O-O 6.Bg5 c5 7.dxc5 Qa5 8.Bd2 
Qxc5 9.Nf3 Bg4 10.O-O Nbd7 11.Be3 Qa5 12.Rc1 Rfc8 13.b3 a6 14.h3 Bxf3 15.
Bxf3 Ne5 16.Be2 b5 17.f4 Ned7 18.Bd4 b4 19.e5 dxe5 20.fxe5 Nxe5 21.Na4 
Rab8 22.Qe1 Rd8 23.Bc5 Nc6 24.Bf3 Qc7 1/2-1/2

[Event "interzonal (w)"]
[Site "Roosendaal NED"]
[Date "1976.12.04"]
[Round "6"]
[White "Hartston, Jana"]
[Black "Van der Mije, Alexandra"]
[Result "1/2-1/2"]
[WhiteElo "2230"]
[BlackElo "2295"]
[EventDate "1976.11.27"]
[PlyCount "63"]

1.d4 d5 2.c4 c6 3.Nf3 Nf6 4.Nc3 dxc4 5.a4 Bg4 6.e3 e6 7.Bxc4 Bb4 8.O-O a5 
9.h3 Bh5 10.Be2 Na6 11.Ne5 Bxe2 12.Qxe2 O-O 13.Rd1 c5 14.dxc5 Qc7 15.Nd3 
Bxc3 16.bxc3 Ne4 17.Qc2 Rfd8 18.Ba3 Nexc5 19.Nxc5 Nxc5 20.Bxc5 Qxc5 21.
Rab1 Rxd1+ 22.Qxd1 Qxc3 23.Rxb7 Qf6 24.Qe1 h6 25.Rb5 Qd8 26.Kh2 Qc7+ 27.g3
Qc2 28.Rxa5 Rxa5 29.Qxa5 Qxf2+ 30.Kh1 Qxg3 31.Qa8+ Kh7 32.Qe4+ 1/2-1/2

[Event "interzonal (w)"]
[Site "Roosendaal NED"]
[Date "1976.12.04"]
[Round "6"]
[White "Lazarevic, Milunka"]
[Black "Akhmylovskaya, Elena"]
[Result "0-1"]
[WhiteElo "2200"]
[BlackElo "2230"]
[EventDate "1976.11.27"]
[PlyCount "106"]

1.f4 d5 2.Nf3 g6 3.g3 Bg7 4.Bg2 Nh6 5.O-O O-O 6.d3 d4 7.c4 Nc6 8.Na3 Nf5 
9.Nc2 e5 10.b4 exf4 11.Bxf4 Re8 12.Rb1 Ne5 13.Ng5 h6 14.Ne4 Rb8 15.b5 Ng4 
16.Nf2 Nge3 17.Bxe3 Nxe3 18.Nxe3 dxe3 19.Ne4 Bd4 20.Rb3 Be6 21.Qc2 Kg7 22.
Nc3 h5 23.Nd5 Bxd5 24.cxd5 Qd6 25.Qc4 Qc5 26.Rb4 Qxc4 27.Rxc4 Bb6 28.Rcf4 
Re7 29.h3 Bc5 30.Ra4 Bd6 31.g4 hxg4 32.hxg4 Ra8 33.Rf3 Ree8 34.Rh3 a6 35.
bxa6 Rxa6 36.Rxa6 bxa6 37.Be4 Rb8 38.Kg2 Rb2 39.Kf3 Rxa2 40.Rh1 a5 41.Kxe3
a4 42.d4 Be7 43.Bd3 a3 44.Rb1 Kh6 45.Rb7 Bd6 46.Ra7 Kg5 47.Bc4 Ra1 48.Kd3 
Kxg4 49.e4 f6 50.Kc2 Kf4 51.Bd3 g5 52.Ra4 Kf3 53.Kb3 Re1 0-1